<?xml version="1.0" encoding="UTF-8"?>
<record
    xmlns:xsi="http://www.w3.org/2001/XMLSchema-instance"
    xsi:schemaLocation="http://www.loc.gov/MARC21/slim http://www.loc.gov/standards/marcxml/schema/MARC21slim.xsd"
    xmlns="http://www.loc.gov/MARC21/slim">

  <leader>01861nam a22003735a 4500</leader>
  <controlfield tag="003">OSt</controlfield>
  <controlfield tag="005">20171112120845.0</controlfield>
  <controlfield tag="008">170524s2011    le a   frbd   001 0 mul d</controlfield>
  <datafield tag="020" ind1=" " ind2=" ">
    <subfield code="a">9789953867502</subfield>
  </datafield>
  <datafield tag="040" ind1=" " ind2=" ">
    <subfield code="a">EG-ScBUE</subfield>
    <subfield code="b">eng</subfield>
    <subfield code="c">EG-ScBUE</subfield>
    <subfield code="d">EG-ScBUE</subfield>
  </datafield>
  <datafield tag="041" ind1="0" ind2=" ">
    <subfield code="a">eng</subfield>
    <subfield code="a">ara</subfield>
  </datafield>
  <datafield tag="082" ind1="0" ind2="4">
    <subfield code="a">327.03927</subfield>
    <subfield code="b">ABD</subfield>
    <subfield code="2">22</subfield>
  </datafield>
  <datafield tag="100" ind1="1" ind2=" ">
    <subfield code="a">Abdallah, Hassan.</subfield>
  </datafield>
  <datafield tag="245" ind1="1" ind2="2">
    <subfield code="a">A dictionary of international relations &amp; conference terminology :</subfield>
    <subfield code="b">English - Arabic : with English and Arabic indexes and appendices /</subfield>
    <subfield code="c">by Hassan Abdallah.</subfield>
  </datafield>
  <datafield tag="246" ind1="3" ind2="5">
    <subfield code="a">&#x642;&#x627;&#x645;&#x648;&#x633; &#x645;&#x635;&#x637;&#x644;&#x62D;&#x627;&#x62A; &#x627;&#x644;&#x639;&#x644;&#x627;&#x642;&#x627;&#x62A; &#x648;&#x627;&#x644;&#x645;&#x624;&#x62A;&#x645;&#x631;&#x627;&#x62A; &#x627;&#x644;&#x62F;&#x648;&#x644;&#x64A;&#x629; :</subfield>
    <subfield code="b">&#x625;&#x646;&#x62C;&#x644;&#x64A;&#x632;&#x64A; - &#x639;&#x631;&#x628;&#x64A; : &#x645;&#x639; &#x641;&#x647;&#x627;&#x631;&#x633; &#x648;&#x645;&#x644;&#x627;&#x62D;&#x642; &#x628;&#x627;&#x644;&#x625;&#x646;&#x62C;&#x644;&#x64A;&#x632;&#x64A;&#x629; &#x648;&#x627;&#x644;&#x639;&#x631;&#x628;&#x64A;&#x629;</subfield>
  </datafield>
  <datafield tag="246" ind1="3" ind2=" ">
    <subfield code="a">A dictionary of international relations and conference terminology :</subfield>
    <subfield code="b">English - Arabic : with English and Arabic indexes and appendices</subfield>
  </datafield>
  <datafield tag="250" ind1=" " ind2=" ">
    <subfield code="a">New Impression.</subfield>
  </datafield>
  <datafield tag="260" ind1=" " ind2=" ">
    <subfield code="a">Beirut :</subfield>
    <subfield code="b">Librairie du Liban,</subfield>
    <subfield code="c">2011.</subfield>
  </datafield>
  <datafield tag="300" ind1=" " ind2=" ">
    <subfield code="a">xx, 654 p. ;</subfield>
    <subfield code="c">24 cm.</subfield>
  </datafield>
  <datafield tag="500" ind1=" " ind2=" ">
    <subfield code="a">FAO and Hassan Abd Allah, First published 1982.</subfield>
  </datafield>
  <datafield tag="500" ind1=" " ind2=" ">
    <subfield code="a">"Published by arrangement with the Food and Agriculture Organization of the United Nations in collaboration with the League of Arab States."</subfield>
  </datafield>
  <datafield tag="504" ind1=" " ind2=" ">
    <subfield code="a">Includes bibliographical references and indexes.</subfield>
  </datafield>
  <datafield tag="546" ind1=" " ind2=" ">
    <subfield code="a">Text in English and Arabic.</subfield>
  </datafield>
  <datafield tag="650" ind1=" " ind2="7">
    <subfield code="a">International relations</subfield>
    <subfield code="v">Dictionaries</subfield>
    <subfield code="x">Arabic.</subfield>
    <subfield code="2">BUEsh</subfield>
  </datafield>
  <datafield tag="650" ind1=" " ind2="7">
    <subfield code="a">International organization</subfield>
    <subfield code="v">Dictionaries</subfield>
    <subfield code="x">Arabic</subfield>
    <subfield code="2">BUEsh</subfield>
  </datafield>
  <datafield tag="650" ind1=" " ind2="7">
    <subfield code="a">Congresses and conventions</subfield>
    <subfield code="v">Dictionaries</subfield>
    <subfield code="x">Arabic</subfield>
    <subfield code="2">BUEsh</subfield>
  </datafield>
  <datafield tag="650" ind1=" " ind2="7">
    <subfield code="a">English language</subfield>
    <subfield code="v">Dictionaries</subfield>
    <subfield code="x">Arabic</subfield>
    <subfield code="2">BUEsh</subfield>
    <subfield code="9">13838</subfield>
  </datafield>
  <datafield tag="650" ind1=" " ind2="7">
    <subfield code="a">Arabic language</subfield>
    <subfield code="v">Dictionaries</subfield>
    <subfield code="x">English</subfield>
    <subfield code="2">BUEsh</subfield>
    <subfield code="9">5758</subfield>
  </datafield>
  <datafield tag="651" ind1=" " ind2=" ">
    <subfield code="2">BUEsh</subfield>
  </datafield>
  <datafield tag="653" ind1=" " ind2=" ">
    <subfield code="b">GGEN</subfield>
    <subfield code="b">EEENG</subfield>
    <subfield code="b">BUSBOL</subfield>
    <subfield code="c">May2017</subfield>
    <subfield code="c">August2017</subfield>
  </datafield>
  <datafield tag="710" ind1="2" ind2=" ">
    <subfield code="a">Food and Agriculture Organization of the United Nations.</subfield>
  </datafield>
  <datafield tag="710" ind1="2" ind2=" ">
    <subfield code="a">League of Arab States.</subfield>
  </datafield>
  <datafield tag="942" ind1=" " ind2=" ">
    <subfield code="2">ddc</subfield>
  </datafield>
  <datafield tag="999" ind1=" " ind2=" ">
    <subfield code="c">24887</subfield>
    <subfield code="d">24859</subfield>
  </datafield>
  <datafield tag="952" ind1=" " ind2=" ">
    <subfield code="0">0</subfield>
    <subfield code="1">0</subfield>
    <subfield code="2">ddc</subfield>
    <subfield code="4">0</subfield>
    <subfield code="7">0</subfield>
    <subfield code="8">sphinx</subfield>
    <subfield code="a">MAIN</subfield>
    <subfield code="b">MAIN</subfield>
    <subfield code="c">1ST</subfield>
    <subfield code="d">2017-05-25</subfield>
    <subfield code="e">Purchase</subfield>
    <subfield code="g">145.00</subfield>
    <subfield code="h">71067</subfield>
    <subfield code="l">1</subfield>
    <subfield code="m">39</subfield>
    <subfield code="o">327.03927 &#x639; &#x628; &#x62F;</subfield>
    <subfield code="p">000041901</subfield>
    <subfield code="r">2025-07-15 00:00:00</subfield>
    <subfield code="s">2017-09-26</subfield>
    <subfield code="v">181.00</subfield>
    <subfield code="y">REFERENCE</subfield>
  </datafield>
  <datafield tag="952" ind1=" " ind2=" ">
    <subfield code="0">0</subfield>
    <subfield code="1">0</subfield>
    <subfield code="2">ddc</subfield>
    <subfield code="4">0</subfield>
    <subfield code="7">0</subfield>
    <subfield code="8">Academic</subfield>
    <subfield code="a">MAIN</subfield>
    <subfield code="b">MAIN</subfield>
    <subfield code="c">1ST</subfield>
    <subfield code="d">2017-08-22</subfield>
    <subfield code="e">Purchase</subfield>
    <subfield code="g">150.00</subfield>
    <subfield code="h">1842</subfield>
    <subfield code="l">0</subfield>
    <subfield code="o">327.03927 &#x639; &#x628; &#x62F;</subfield>
    <subfield code="p">000046589</subfield>
    <subfield code="r">2025-07-15 00:00:00</subfield>
    <subfield code="v">385.00</subfield>
    <subfield code="y">REFERENCE</subfield>
  </datafield>
</record>
